Analýza drevných vláken z farebnej fotografie

Saved in:
Bibliographic Details
Main Author: Némethová, Timea (Author)
Other Authors: Števek, Juraj (Thesis advisor)
Format: Manuscript Book
Language:Slovak
Published: 2016
Subjects:
Online Access:http://is.stuba.sk/zp/portal_zp.pl?podrobnosti=120715
Tags: Add Tag
No Tags, Be the first to tag this record!

MARC

LEADER 00000ntm a22000003a 4500
001 stuzp58292
003 SK-STU
005 20160719155523.4
007 ta
008 150427s2015----xo-----f-mn---000-0-slo-d
040 |a STU  |b slo 
041 0 |a slo 
100 1 |a Némethová, Timea  |u 047000  |4 aut  |U FCHPT Fakulta chemickej a potravinárskej technológie  |T FCHPT Ústav informatizácie, automatizácie a matematiky  |X 68704  |U C7000  |Y 105  |7 68704 
242 0 1 |a Analysis of wood fibers using color photography  |y eng 
245 1 0 |a Analýza drevných vláken z farebnej fotografie 
260 |c 2016 
650 4 |a Identifikácia celulóznych vláken  |2 slo 
650 4 |a Analýza materiálov  |2 slo 
650 4 |a RGB  |2 slo 
650 4 |a Helmholtzova farebná schéma  |2 slo 
650 4 |a Diskriminačná analýza  |2 slo 
650 4 |a Helmholtz color scheme  |2 eng 
650 4 |a Fibre material identification  |2 eng 
650 4 |a Materials analysis  |2 eng 
650 4 |a RGB  |2 eng 
650 4 |a Discriminatory analysis  |2 eng 
700 1 |a Števek, Juraj  |4 ths  |X 11622  |7 A0000011622 
856 4 |u http://is.stuba.sk/zp/portal_zp.pl?podrobnosti=120715 
SQL |a stuzp58292  |b DDP  |c SLO  |d Analýza drevných vláken z farebnej fotografie  |e 68704  |f Némethová, Timea  |g 047000  |h 11622  |i Števek, Juraj  |j 20160606  |k 113  |l 04  |m http://is.stuba.sk/zp/portal_zp.pl?podrobnosti=120715  |n I-AICHP  |o 5.2.14. automatizácia